Cincuenta años de finanzas públicas (Registro nro. 31530)
[ vista simple ]
| 000 -LEADER | |
|---|---|
| fixed length control field | 00324 a2200109 4500 |
| 001 - CONTROL NUMBER | |
| control field | ART_30444 |
| 005 - DATE AND TIME OF LATEST TRANSACTION | |
| control field | 20260410162004.0 |
| 008 - FIXED-LENGTH DATA ELEMENTS--GENERAL INFORMATION | |
| fixed length control field | 260409a |
| 100 1# - MAIN ENTRY--PERSONAL NAME | |
| Personal name | Musgrave, Richard A. |
| 245 10 - TITLE STATEMENT | |
| Title | Cincuenta años de finanzas públicas |
| 773 0# - HOST ITEM ENTRY | |
| Title | Boletín Informativo ASAP |
| Related parts | - Nº 20 (dic. 1988) |
| Record control number | REV30391 |
No hay ítems disponibles.